000 00657nam a22001937a 4500
003 OSt
005 20260112053430.0
008 260112b |||||||| |||| 00| 0 eng d
040 _aDWCL - Main
_cOC
082 _aFil. 372.83 H6 1970
100 _aHoexter, Corinne
_eAuthor
245 _aA Nation Conceived and Dedicated /
_cCorinne Hoexter & Ira Peck
260 _aNew York:
_bScholastic Book Services,
_cc1970.
300 _a190 p.:
_bill.;
_c28 cm.
650 _a1. United States -- History -- Colonial period.
650 _a2. United States -- Social life and customs -- Colonial period.
700 _aI. Peck, Ira
_eAuthor
942 _2ddc
_cBK-FIL
_n0
999 _c7275
_d7275